000 00724cam a22002291 4500
001 af 48000152
003 DLC
005 20260227110842.0
008 780203s1946 it ac b 000 0bita c
010 _aaf 48000152
035 _a(OCoLC)3600467
040 _aNew York. Public Libr.
_cViU
_dDLC
050 0 0 _aDG552.8.M3
_bC57
100 1 _aCodignola, Arturo,
_d1893-
245 0 0 _aMazzini.
_bCon sei tavole fuori testo.
260 _a[Torino]
_bUnione tipografico-editrice torinese,
_c1946.
300 _a387 p.
_billus., ports.
_c22 cm.
490 1 _aI grandi italiani, collana di biografie,
_vv. 20
504 _a"Bibliografia": p. 385.
600 1 0 _aMazzini, Giuseppe,
_d1805-1872.
830 0 _aGrandi italiani ;
_vv. 20.
999 _c3938
_d3938